000 00687cam a22002413a 4500
001 13277
003 PGUSA
005 20140828083303.0
008 040825s2004||||xxu|||||s|||||000 | eng d
040 _aPGUSA
_beng
042 _adc
050 4 _aPN
100 1 _aMorris, Clara,
_d1848-1925
245 1 0 _aStage Confidences :
_bTalks About Players and Play Acting
_h[electronic resource] /
_cClara Morris
260 _bProject Gutenberg,
_c2004
506 _aPublic domain in the USA.
516 _aElectronic text
653 _aActing
653 _aActors -- Correspondence
830 0 _aProject Gutenberg
_v13277
856 4 0 _uhttp://www.gutenberg.org/ebooks/13277
942 _cEB
999 _c242532
_d242532